000 00582nam a2200193 a 4500
005 20210219153536.0
008 991125n 000 0 u
035 _aUPN01000105558
100 _aTINOCO, Esperanza
222 _aCOMUNICACION EDUCATIVA SEP
245 _a¿Cómo se moderniza educación primaria? : dentro del programa nacional
300 _a12-13
362 _a1990 Año 7, No. 82, ago.
653 0 _aEDUCACION PRIMARIA
653 0 _aMODERNIZACION EDUCATIVA
653 0 _aPROGRAMA PARA LA MODERNIZACION EDUCATIVA
904 _aAC
_b043369
905 _aArticulo
999 _c79519
_d79519